Music Quiz

Random Music or Rock Quiz

Musicians by Nickname Quiz Stats

Quiz not verified by Sporcle

Also try: Backwards Songs
Challenge
Share
Tweet
Embed
Score 0/27 Timer 05:00
0 Plays Today
Nickname Musician's Name % Correct
King of PopMichael Jackson
89.7%
The Fab FourThe Beatles
88%
The KingElvis Presley
88%
Queen of SoulAretha Franklin
85.5%
Prince of DarknessOzzy Osbourne
72.6%
Godfather of SoulJames Brown
67.5%
Chairman of the BoardFrank Sinatra
49.6%
King of the BluesBB King
48.7%
The BossBruce Springsteen
44.4%
Prince of MotownMarvin Gaye
37.6%
Queen of PopMadonna
36.8%
Queen of FolkJoan Baez
35%
Slim ShadyEminem
34.2%
Lady of PopLady Gaga
30.8%
Nickname Musician's Name % Correct
SatchmoLouis Armstrong
30.8%
First Lady of SongElla Fitzgerald
29.9%
Pop Punk PrincessAvril Lavigne
28.2%
America's BandThe Beach Boys
28.2%
The Lizard KingJim Morrison
26.5%
The Greatest Rock and Roll Band in the WorldThe Rolling Stones
26.5%
SlowhandEric Clapton
26.5%
King of SoulOtis Redding
22.2%
The Only Band That MattersThe Clash
19.7%
King of RockabillyCarl Perkins
18.8%
White Queen of SoulDusty Springfield
18.8%
Godfather of Go-GoChuck Berry
14.5%
The JesterBob Dylan
9.4%

You're not logged in!

Compare scores with friends on all Sporcle quizzes.
Join for Free
OR
Log In

You Might Also Like...

Show Comments

Extras

Created Jun 6, 2011ReportNominate
Tags:Rock Quiz, folk, pop, soul

Top Quizzes Today


Score Distribution

Your Account Isn't Verified!

In order to create a playlist on Sporcle, you need to verify the email address you used during registration. Go to your Sporcle Settings to finish the process.

Report this User

Report this user for behavior that violates our Community Guidelines.

Details: